<?xml version="1.0" encoding="UTF-8"?>
<collection xmlns="http://www.loc.gov/MARC21/slim">
<record>
  <controlfield tag="001">153008</controlfield>
  <controlfield tag="005">20260219074252.0</controlfield>
  <datafield tag="591" ind1=" " ind2=" ">
    <subfield code="a">STATISTICS &amp; PROBABILITY</subfield>
    <subfield code="b">71 / 169 = 0.42</subfield>
    <subfield code="c">2024</subfield>
    <subfield code="d">Q2</subfield>
    <subfield code="e">T2</subfield>
  </datafield>
  <datafield tag="590" ind1=" " ind2=" ">
    <subfield code="a">1.3</subfield>
    <subfield code="b">2024</subfield>
  </datafield>
  <datafield tag="593" ind1=" " ind2=" ">
    <subfield code="a">Statistics, Probability and Uncertainty</subfield>
    <subfield code="c">2024</subfield>
    <subfield code="d">Q2</subfield>
  </datafield>
  <datafield tag="593" ind1=" " ind2=" ">
    <subfield code="a">Statistics and Probability</subfield>
    <subfield code="c">2024</subfield>
    <subfield code="d">Q2</subfield>
  </datafield>
  <datafield tag="592" ind1=" " ind2=" ">
    <subfield code="a">0.646</subfield>
    <subfield code="b">2024</subfield>
  </datafield>
  <datafield tag="594" ind1=" " ind2=" ">
    <subfield code="a">2.2</subfield>
    <subfield code="b">2024</subfield>
  </datafield>
  <datafield tag="980" ind1=" " ind2=" ">
    <subfield code="a">ARTICLE</subfield>
  </datafield>
  <datafield tag="700" ind1=" " ind2=" ">
    <subfield code="a">Gelfand, Alan E.</subfield>
  </datafield>
  <datafield tag="700" ind1=" " ind2=" ">
    <subfield code="0">(orcid)0000-0002-9052-9674</subfield>
    <subfield code="a">Cebrián, Ana C.</subfield>
    <subfield code="u">Universidad de Zaragoza</subfield>
  </datafield>
  <datafield tag="700" ind1=" " ind2=" ">
    <subfield code="0">(orcid)0000-0002-0174-789X</subfield>
    <subfield code="a">Asín, Jesús</subfield>
    <subfield code="u">Universidad de Zaragoza</subfield>
  </datafield>
  <datafield tag="037" ind1=" " ind2=" ">
    <subfield code="a">ART-2024-143418</subfield>
  </datafield>
  <datafield tag="856" ind1="4" ind2=" ">
    <subfield code="s">131462</subfield>
    <subfield code="u">http://zaguan.unizar.es/record/153008/files/texto_completo.pdf</subfield>
    <subfield code="y">Postprint</subfield>
    <subfield code="z">info:eu-repo/date/embargoEnd/2025-12-13</subfield>
  </datafield>
  <datafield tag="856" ind1="4" ind2=" ">
    <subfield code="s">2093872</subfield>
    <subfield code="u">http://zaguan.unizar.es/record/153008/files/texto_completo.jpg?subformat=icon</subfield>
    <subfield code="x">icon</subfield>
    <subfield code="y">Postprint</subfield>
    <subfield code="z">info:eu-repo/date/embargoEnd/2025-12-13</subfield>
  </datafield>
  <datafield tag="951" ind1=" " ind2=" ">
    <subfield code="a">2026-02-17-20:17:57</subfield>
  </datafield>
  <datafield tag="540" ind1=" " ind2=" ">
    <subfield code="9">info:eu-repo/semantics/openAccess</subfield>
    <subfield code="a">All rights reserved</subfield>
    <subfield code="u">http://www.europeana.eu/rights/rr-f/</subfield>
  </datafield>
  <datafield tag="655" ind1=" " ind2="4">
    <subfield code="a">info:eu-repo/semantics/article</subfield>
    <subfield code="v">info:eu-repo/semantics/acceptedVersion</subfield>
  </datafield>
  <datafield tag="520" ind1="3" ind2=" ">
    <subfield code="a">The authors have taken on the challenge of proposing a novel methodology to find new insights in extreme spatial temperature events. However, with a very strong word limitation, it is not possible to offer a proper discussion of their contribution. Instead, we briefly review a similar stream of work that our group has developed over the past five years. We also have been working with daily maximum temperature data, temporally over more than 60 years and spatially for both peninsular Spain and a subregion containing Aragón. We have developed our work primarily in the context of the incidence of extreme heat events, i.e. consecutive days above local space-time thresholds. We have focused on autoregressive spatial models with primary interest in assessing change in the incidence of extreme behaviour over time.

Our initial effort (Schliep et al., 2021) focused on mean modelling, recognizing the need to model the bulk of the data as well as the upper tails of the data. With thresholds, the body of the data was specified through truncated normals and the upper tail was specified through t-distributions with autoregression in order to capture temporal tail dependence. With the spatio-temporal dependence structure, these models immediately inherited spatial tail dependence. Cebrián et al. (2022) introduced the idea of proportion of the space where temperature exceeded threshold. The authors pursue this spirit with their spatial risk measure in Section 5. Follow-on work appears in Castillo-Mateo et al. (2022) and Cebrián et al. (2023).</subfield>
  </datafield>
  <datafield tag="506" ind1="0" ind2=" ">
    <subfield code="a">Access copy available to the general public</subfield>
    <subfield code="f">Unrestricted</subfield>
  </datafield>
  <datafield tag="773" ind1=" " ind2=" ">
    <subfield code="g">74, 2 (2024), 309-310</subfield>
    <subfield code="p">Appl. stat.</subfield>
    <subfield code="t">JOURNAL OF THE ROYAL STATISTICAL SOCIETY SERIES C-APPLIED STATISTICS</subfield>
    <subfield code="x">0035-9254</subfield>
  </datafield>
  <datafield tag="710" ind1="2" ind2=" ">
    <subfield code="1">2007</subfield>
    <subfield code="2">265</subfield>
    <subfield code="a">Universidad de Zaragoza</subfield>
    <subfield code="b">Dpto. Métodos Estadísticos</subfield>
    <subfield code="c">Área Estadís. Investig. Opera.</subfield>
  </datafield>
  <datafield tag="245" ind1=" " ind2=" ">
    <subfield code="a">Jorge Castillo-Mateo, Alan E. Gelfand, Ana C. Cebrián, and Jesús Asín’s contribution to the Discussion of ‘Inference for extreme spatial temperature events in a changing climate with application to Ireland’ by Healy et al.</subfield>
  </datafield>
  <datafield tag="024" ind1="7" ind2=" ">
    <subfield code="2">doi</subfield>
    <subfield code="a">10.1093/jrsssc/qlae086</subfield>
  </datafield>
  <datafield tag="024" ind1="8" ind2=" ">
    <subfield code="2">sideral</subfield>
    <subfield code="a">143418</subfield>
  </datafield>
  <datafield tag="260" ind1=" " ind2=" ">
    <subfield code="c">2024</subfield>
  </datafield>
  <datafield tag="100" ind1=" " ind2=" ">
    <subfield code="0">(orcid)0000-0003-3859-0248</subfield>
    <subfield code="a">Castillo-Mateo, Jorge</subfield>
    <subfield code="u">Universidad de Zaragoza</subfield>
  </datafield>
  <datafield tag="041" ind1=" " ind2=" ">
    <subfield code="a">eng</subfield>
  </datafield>
  <datafield tag="909" ind1="C" ind2="O">
    <subfield code="o">oai:zaguan.unizar.es:153008</subfield>
    <subfield code="p">articulos</subfield>
    <subfield code="p">driver</subfield>
  </datafield>
</record>
</collection>